| 000 | 00588nam a2200205 a 4500 | ||
|---|---|---|---|
| 003 | SISC | ||
| 005 | 20170302094712.0 | ||
| 008 | 110929s19uu xx 00 eng d | ||
| 020 | _a9780135095195 | ||
| 050 |
_aHF 5549 _b.D4379 2011 |
||
| 100 | _aDessler, Gary. | ||
| 245 |
_aHuman resource management / _cGary dessler. |
||
| 250 | _a12th edition. | ||
| 260 |
_aBoston : _bPearson, _c2011. |
||
| 300 |
_a784 pages : _bcolor illustrations ; _c26 cm. |
||
| 500 | _aIncludes appendix, glossary and index. | ||
| 650 | _aPersonnel management. | ||
| 942 |
_cBK _2lcc _kFOR |
||
| 999 |
_c24494 _d24494 |
||